| 000 | 00562nam a22001937a 4500 | ||
|---|---|---|---|
| 003 | CEME | ||
| 005 | 20210628204025.0 | ||
| 008 | 210105b xxu||||| |||| 00| 0 eng d | ||
| 020 | _a9789746522007 | ||
| 040 | _cceme | ||
| 082 | _a621.3848 RIC | ||
| 100 |
_aRichard, Mark.A, Scheer, James .A, Holm, William.A _968303 |
||
| 245 | _a Principles of modern radar, basic principles | ||
| 250 | _aVOL-I | ||
| 260 |
_aUSA _bSCITECH PUBLISHING _c2010 |
||
| 300 | _aXXXV, 924P | ||
| 650 |
_aMODERN RADAR PRINCIPLES.RADAR BASIC PRINCIPLES. _968304 |
||
| 942 |
_cBK _2ddc |
||
| 999 |
_c575906 _d575906 |
||